The benefits of the new economy: resolving the global economic crisis through mutual guarantee

שמור ב:
מידע ביבליוגרפי
מחבר תאגידי: Institute Departament of Economics (Author)
פורמט: ספר
שפה:אנגלית
יצא לאור: Toronto ARI Publisher 2012
מהדורה:1a. ed
נושאים:
תגים: הוספת תג
אין תגיות, היה/י הראשונ/ה לתייג את הרשומה!

MARC

LEADER 00000cam a2200000 a 4500
001 UCE6590
003 CL-VaPUC
005 20231117103932.0
008 150423e20120000cn |||||||||||||||||eng|d
999 |c 358877  |d 358875 
020 |a 9781897448731 
040 |c Pontificia Universidad Católica de Valparaíso 
082 0 4 |a 330.9  |b INS  |2 21 
110 2 |a Institute Departament of Economics  |e author  |9 579233 
245 1 4 |a The benefits of the new economy: resolving the global economic crisis through mutual guarantee 
250 |a 1a. ed 
260 |a Toronto  |b ARI Publisher  |c 2012 
300 |a 219 p 
583 |a last modification  |c 20150423 11:40:00  |k Rodrigo Vera 
650 7 |a Relaciones económicas internacionales   |2 CL-VaPUC  |9 315315 
650 0 |a Crisis financiera  |9 435234 
650 7 |a Economía global  |2 CL-VaPUC  |9 467435 
942 |c BK  |2 ddc 
945 |d 20150423 11:40:00  |a arojas 
952 |0 0  |1 0  |3 erb  |4 0  |6 330_900000000000000_INS_2012  |7 0  |8 A  |9 467819  |a BIBAGR  |b BIBAGR  |i 5146429  |o 330.9 INS 2012  |p 5146429  |r 2025-01-20  |w 2019-11-23  |y BK  |z Catalogado en:20150423  |k AGR